000
00303nam a2200133Ia 4500
008
150201s2010 xx 000 0 und d
082
_a
611
_b
H10K
100
_a
KHURANA,INDU
245
_a
HUMAN EMBRYOLOGY
250
_a
1ST
260
_b
CBS
_a
DELHI
_c
2010
650
_a
HUMAN ANATOMY
942
_2
ddc
_c
BK
_0
20
999
_c
923
_d
923